Capital cities of Empires - Statistics

General Stats
  • This quiz has been taken 436 times
    422 since last reset
  • The average score is 11 of 15
Answer Stats
Hint Answer % Correct
British Empire London
99%
French Empire Paris
98%
Ottoman Empire Istanbul
93%
Japanese Empire Tokyo
93%
Austrian Empire Vienna
91%
Dutch Empire Amsterdam
89%
Qing dynasty Beijing
84%
Byzantine Empire Constantinople
83%
Carthaginian Empire Carthage
71%
Mughal Empire Delhi
62%
Aztec Empire Tenochititlan
59%
Ancient Egypt (Old Kingdom) Memphis
54%
Umayyad Caliphate Damascus
52%
Persian Empire Persepolis
41%
Mongol Empire Karakorum
21%
No matching quizzes found
Score Distribution
Percent of People with Each Score
Percentile by Number Answered
Your Score History
You have not taken this quiz since the last reset